000 00302nam a2200109Ia 4500
008 201231s9999 xx 000 0 und d
100 _aHoskin, Michael (Ed.)
245 0 _a(The) Cambridge Illustrated History of Astronomy
260 _aCambridge
_bCambridge University Press
300 _a392
942 _cBK
999 _c9380
_d9380